UBT Library

Arrhythmias case studies : (Record no. 42721)

000 -LEADER
fixed length control field 00638cam a2200217 i 4500
001 - CONTROL NUMBER
control field 3211222
005 - DATE AND TIME OF LATEST TRANSACTION
control field 20180216032735.0
008 - FIXED-LENGTH DATA ELEMENTS--GENERAL INFORMATION
fixed length control field 781018s1978 nyua b 001 0 eng
010 ## - LIBRARY OF CONGRESS CONTROL NUMBER
LC control number 78053586
020 ## - INTERNATIONAL STANDARD BOOK NUMBER
International Standard Book Number 087488070X
040 ## - CATALOGING SOURCE
Original cataloging agency DLC
Transcribing agency DLC
Modifying agency DLC
041 ## - LANGUAGE CODE
Language code of text/sound track or separate title eng
080 ## - UNIVERSAL DECIMAL CLASSIFICATION NUMBER
Universal Decimal Classification number 616.128.076 les
082 00 - DEWEY DECIMAL CLASSIFICATION NUMBER
Classification number 616.128.076 les
100 1# - Rafti
Rafti 3
101 ## - Shkurtesa
Shkurtesa shm
245 10 - TITLE STATEMENT
Title Arrhythmias case studies :
Statement of responsibility, etc by Lester B. Jacobson and Nora Goldschlager.
504 ## - BIBLIOGRAPHY, ETC. NOTE
Bibliography, etc Includes bibliographies and index.
906 ## - LOCAL DATA ELEMENT F, LDF (RLIN)
a 7
b cbc
c orignew
d 2
e ocip
f 19
g y-gencatlg
942 ## - ADDED ENTRY ELEMENTS (KOHA)
Source of classification or shelving scheme
Item type Books
Holdings
Withdrawn status Lost status Source of classification or shelving scheme Damaged status Not for loan Collection code Permanent location Current location Shelving location Date acquired Total Checkouts Full call number Barcode Date last seen Price effective from Koha item type
          Koleksioni i përgjithshem UBT - Lipjan UBT - Lipjan Koleksioni i përgjithshem 02/16/2018   616.128.076 les 002-2998130 02/16/2018 02/16/2018 Books
UBT Library © 2015-2024. All rights reserved University Education for Business and Technology